| 000 | 00812nam a22002297a 4500 | ||
|---|---|---|---|
| 999 |
_c12598 _d12598 |
||
| 003 | AR-CdUCM | ||
| 008 | 190409b ||||| |||| 00| 0 spa d | ||
| 040 |
_aMUNICIPALIDAD PROVINCIAL DEL CUSCO _cBIBLIOTECA MUNICIPAL DEL CUSCO |
||
| 082 |
_a349 / _bO91 |
||
| 100 |
_aOurliac, Paul _930511 |
||
| 245 | _aHistoria del derecho / | ||
| 260 |
_aPuebla : _bJosé M. Cajica, |
||
| 300 |
_a366 páginas ; _c23 cm. |
||
| 440 |
_aPublicaciones de la universidad de puebla _930512 |
||
| 505 | _aContenido : Introducción -- El fin del mundo antiguo -- Época franca -- La época merovingia -- El renacimiento carolingio ... | ||
| 650 |
_aHistoria _9136 |
||
| 650 |
_aDerecho _9739 |
||
| 650 |
_aAntiguo _930513 |
||
| 700 |
_aFernández Aguirre, Arturo _930514 |
||
| 942 |
_2ddc _cLIBROS |
||
| 945 |
_arah _d09/04/2019 |
||